[Event "DEM U8w 2025"]
[Site "Willingen GER"]
[Date "2025.06.13"]
[Round "5"]
[White "Lytvynenko, Sofi"]
[Black "Caber, Marianna Maya"]
[Result "1/2-1/2"]
[Termination "normal"]
[Board "2"]
[WhiteElo "1411"]
[BlackElo "973"]
[WhiteClock "00:33:16"]
[BlackClock "00:39:37"]
[PlyCount "89"]
[WhiteFideId "34689761"]
[BlackFideId "533024170"]
[EventCountry "GER"]
[EventRounds "7"]
[EventType "swiss"]
[EventDate "2025.06.10"]

1. c4 {[%clk 01:00:27]} {[%emt 00:00:02]} e5 {[%clk 01:00:21]} {[%emt
00:00:09]} 2. Nc3 {[%clk 01:00:34]} {[%emt 00:00:08]} g6 {[%clk 01:00:22]}
{[%emt 00:00:14]} 3. g3 {[%clk 01:00:40]} {[%emt 00:00:09]} Bg7 {[%clk
01:00:27]} {[%emt 00:00:09]} 4. Bg2 {[%clk 01:00:40]} {[%emt 00:00:15]} Nf6
{[%clk 01:00:22]} {[%emt 00:00:21]} 5. e4 {[%clk 01:00:33]} {[%emt 00:00:22]}
O-O {[%clk 01:00:23]} {[%emt 00:00:14]} 6. Nf3 {[%clk 01:00:31]} {[%emt
00:00:18]} Re8 {[%clk 01:00:24]} {[%emt 00:00:13]} 7. O-O {[%clk 01:00:10]}
{[%emt 00:00:36]} d6 {[%clk 01:00:26]} {[%emt 00:00:12]} 8. d3 {[%clk
00:59:53]} {[%emt 00:00:33]} Nbd7 {[%clk 01:00:23]} {[%emt 00:00:17]} 9. Be3
{[%clk 00:58:49]} {[%emt 00:01:20]} c6 {[%clk 00:59:10]} {[%emt 00:01:28]} 10.
b3 {[%clk 00:58:15]} {[%emt 00:00:49]} Ng4 {[%clk 00:58:57]} {[%emt 00:00:28]}
11. Bg5 {[%clk 00:57:26]} {[%emt 00:01:03]} Ngf6 {[%clk 00:58:32]} {[%emt
00:00:40]} 12. h3 {[%clk 00:56:39]} {[%emt 00:01:03]} Nf8 {[%clk 00:58:11]}
{[%emt 00:00:36]} 13. Qd2 {[%clk 00:56:03]} {[%emt 00:00:51]} Ne6 {[%clk
00:57:56]} {[%emt 00:00:30]} 14. Rad1 {[%clk 00:52:52]} {[%emt 00:03:27]} c5
{[%clk 00:56:17]} {[%emt 00:01:53]} 15. Rfe1 {[%clk 00:51:39]} {[%emt
00:01:29]} Qc7 {[%clk 00:55:23]} {[%emt 00:01:07]} 16. Qc2 {[%clk 00:51:04]}
{[%emt 00:00:50]} Bd7 {[%clk 00:54:45]} {[%emt 00:00:53]} 17. Bxf6 {[%clk
00:50:49]} {[%emt 00:00:31]} Bxf6 {[%clk 00:54:51]} {[%emt 00:00:08]} 18. Nd5
{[%clk 00:49:53]} {[%emt 00:01:12]} Qd8 {[%clk 00:54:08]} {[%emt 00:00:58]} 19.
Qd2 {[%clk 00:49:09]} {[%emt 00:00:57]} Bg7 {[%clk 00:53:46]} {[%emt 00:00:38]}
20. b4 {[%clk 00:46:59]} {[%emt 00:02:26]} b6 {[%clk 00:53:29]} {[%emt
00:00:32]} 21. a3 {[%clk 00:46:04]} {[%emt 00:01:10]} Bc6 {[%clk 00:52:17]}
{[%emt 00:01:28]} 22. Ne3 {[%clk 00:43:52]} {[%emt 00:02:27]} a5 {[%clk
00:52:02]} {[%emt 00:00:30]} 23. bxc5 {[%clk 00:42:49]} {[%emt 00:01:17]} bxc5
{[%clk 00:52:07]} {[%emt 00:00:10]} 24. Rb1 {[%clk 00:42:46]} {[%emt 00:00:19]}
Bh6 {[%clk 00:50:32]} {[%emt 00:01:49]} 25. Qc2 {[%clk 00:42:38]} {[%emt
00:00:23]} Qc7 {[%clk 00:50:03]} {[%emt 00:00:45]} 26. Qe2 {[%clk 00:41:07]}
{[%emt 00:01:45]} Rab8 {[%clk 00:49:50]} {[%emt 00:00:27]} 27. Ng4 {[%clk
00:40:40]} {[%emt 00:00:42]} Bg7 {[%clk 00:49:43]} {[%emt 00:00:23]} 28. Ne3
{[%clk 00:40:43]} {[%emt 00:00:12]} Rb7 {[%clk 00:49:16]} {[%emt 00:00:43]} 29.
Rxb7 {[%clk 00:39:43]} {[%emt 00:01:15]} Qxb7 {[%clk 00:49:16]} {[%emt
00:00:15]} 30. Nd2 {[%clk 00:38:49]} {[%emt 00:01:07]} Nd4 {[%clk 00:49:03]}
{[%emt 00:00:28]} 31. Qd1 {[%clk 00:37:54]} {[%emt 00:01:10]} Qd7 {[%clk
00:47:29]} {[%emt 00:01:50]} 32. Qb1 {[%clk 00:36:44]} {[%emt 00:01:23]} Qb7
{[%clk 00:47:11]} {[%emt 00:00:34]} 33. Qxb7 {[%clk 00:36:34]} {[%emt
00:00:27]} Bxb7 {[%clk 00:47:18]} {[%emt 00:00:07]} 34. Rb1 {[%clk 00:35:54]}
{[%emt 00:00:55]} Bc6 {[%clk 00:45:11]} {[%emt 00:02:23]} 35. Rb6 {[%clk
00:34:51]} {[%emt 00:01:18]} Ba4 {[%clk 00:43:37]} {[%emt 00:01:48]} 36. Rxd6
{[%clk 00:34:47]} {[%emt 00:00:19]} h5 {[%clk 00:42:37]} {[%emt 00:01:16]} 37.
Nf3 {[%clk 00:34:02]} {[%emt 00:00:59]} Rb8 {[%clk 00:42:15]} {[%emt 00:00:37]}
38. Rd5 {[%clk 00:33:46]} {[%emt 00:00:30]} Rb1+ {[%clk 00:42:03]} {[%emt
00:00:28]} 39. Kh2 {[%clk 00:33:49]} {[%emt 00:00:11]} Bd1 {[%clk 00:40:38]}
{[%emt 00:01:41]} 40. Nxd1 {[%clk 00:33:29]} {[%emt 00:00:35]} Rxd1 {[%clk
00:40:43]} {[%emt 00:00:10]} 41. Rxc5 {[%clk 00:33:37]} {[%emt 00:00:07]} Rxd3
{[%clk 00:40:23]} {[%emt 00:00:35]} 42. Rxa5 {[%clk 00:33:13]} {[%emt
00:00:40]} Nxf3+ {[%clk 00:39:51]} {[%emt 00:00:46]} 43. Bxf3 {[%clk 00:33:14]}
{[%emt 00:00:14]} Rxf3 {[%clk 00:39:56]} {[%emt 00:00:11]} 44. Kg2 {[%clk
00:33:16]} {[%emt 00:00:11]} Rb3 {[%clk 00:39:37]} {[%emt 00:00:33]} 45. c5
{[%emt 00:01:22]} 1/2-1/2

[Event "DEM U8w 2025"]
[Site "Willingen GER"]
[Date "2025.06.13"]
[Round "5"]
[White "Dudi, Srija"]
[Black "Schmidt, Neele"]
[Result "0-1"]
[Termination "normal"]
[Board "3"]
[WhiteElo "834"]
[BlackElo "1125"]
[WhiteClock "00:37:08"]
[BlackClock "00:41:55"]
[PlyCount "82"]
[BlackFideId "533025487"]
[EventCountry "GER"]
[EventRounds "7"]
[EventType "swiss"]
[EventDate "2025.06.10"]

1. e4 {[%clk 01:00:22]} {[%emt 00:00:07]} e5 {[%clk 01:00:26]} {[%emt
00:00:05]} 2. Nf3 {[%clk 01:00:04]} {[%emt 00:00:33]} Nc6 {[%clk 01:00:35]}
{[%emt 00:00:05]} 3. Bc4 {[%clk 00:59:09]} {[%emt 00:01:10]} Bc5 {[%clk
01:00:43]} {[%emt 00:00:08]} 4. d3 {[%clk 00:58:35]} {[%emt 00:00:49]} h6
{[%clk 01:00:40]} {[%emt 00:00:17]} 5. Be3 {[%clk 00:57:36]} {[%emt 00:01:14]}
Bb6 {[%clk 01:00:26]} {[%emt 00:00:29]} 6. c3 {[%clk 00:57:32]} {[%emt
00:00:20]} Nf6 {[%clk 00:59:53]} {[%emt 00:00:48]} 7. O-O {[%clk 00:57:09]}
{[%emt 00:00:37]} O-O {[%clk 00:59:51]} {[%emt 00:00:18]} 8. Nbd2 {[%clk
00:56:27]} {[%emt 00:00:57]} d6 {[%clk 00:59:25]} {[%emt 00:00:40]} 9. Re1
{[%clk 00:56:31]} {[%emt 00:00:11]} Bg4 {[%clk 00:59:17]} {[%emt 00:00:24]} 10.
h3 {[%clk 00:56:31]} {[%emt 00:00:12]} Be6 {[%emt 00:01:14]} 11. Bb3 {[%clk
00:56:22]} {[%emt 00:00:21]} d5 {[%clk 00:52:31]} {[%emt 00:06:09]} 12. Bxb6
{[%clk 00:55:53]} {[%emt 00:00:43]} axb6 {[%clk 00:52:04]} {[%emt 00:00:41]}
13. exd5 {[%clk 00:55:55]} {[%emt 00:00:13]} Bxd5 {[%clk 00:51:08]} {[%emt
00:01:11]} 14. Bxd5 {[%clk 00:56:00]} {[%emt 00:00:10]} Qxd5 {[%clk 00:51:02]}
{[%emt 00:00:23]} 15. c4 {[%clk 00:55:56]} {[%emt 00:00:18]} Qxd3 {[%clk
00:50:25]} {[%emt 00:00:51]} 16. Re3 {[%clk 00:55:07]} {[%emt 00:01:04]} Qf5
{[%clk 00:48:56]} {[%emt 00:01:43]} 17. g4 {[%clk 00:55:01]} {[%emt 00:00:22]}
Qe6 {[%clk 00:47:56]} {[%emt 00:01:15]} 18. b4 {[%clk 00:53:28]} {[%emt
00:02:48]} Nxb4 {[%clk 00:47:48]} {[%emt 00:00:23]} 19. Nd4 {[%clk 00:53:17]}
{[%emt 00:00:26]} Qd6 {[%clk 00:47:04]} {[%emt 00:00:57]} 20. Nb5 {[%clk
00:52:40]} {[%emt 00:00:53]} Qc5 {[%clk 00:45:49]} {[%emt 00:01:31]} 21. a3
{[%clk 00:51:45]} {[%emt 00:01:51]} Nc6 {[%clk 00:44:55]} {[%emt 00:01:08]} 22.
Nxc7 {[%clk 00:50:39]} {[%emt 00:01:22]} Rad8 {[%clk 00:43:53]} {[%emt
00:01:15]} 23. Qc2 {[%clk 00:50:21]} {[%emt 00:00:33]} Qd6 {[%clk 00:43:29]}
{[%emt 00:00:40]} 24. Nb5 {[%clk 00:50:18]} {[%emt 00:00:14]} Qxd2 {[%clk
00:43:33]} {[%emt 00:00:15]} 25. Re2 {[%clk 00:49:36]} {[%emt 00:00:56]} Qxc2
{[%clk 00:43:20]} {[%emt 00:00:30]} 26. Rxc2 {[%clk 00:49:46]} {[%emt
00:00:05]} Nd4 {[%clk 00:43:00]} {[%emt 00:02:28]} 27. Nxd4 {[%clk 00:49:44]}
{[%emt 00:00:16]} exd4 {[%clk 00:43:08]} {[%emt 00:00:07]} 28. Rd2 {[%clk
00:48:19]} {[%emt 00:01:32]} Ne4 {[%clk 00:42:50]} {[%emt 00:00:41]} 29. Rb2
{[%clk 00:48:16]} {[%emt 00:00:12]} d3 {[%clk 00:42:37]} {[%emt 00:00:34]} 30.
Rxb6 {[%clk 00:48:17]} {[%emt 00:00:13]} d2 {[%clk 00:42:31]} {[%emt 00:00:23]}
31. Rd1 {[%clk 00:47:16]} {[%emt 00:01:13]} Nc3 {[%clk 00:42:32]} {[%emt
00:00:15]} 32. Rxb7 {[%clk 00:43:17]} {[%emt 00:04:14]} Nxd1 {[%clk 00:42:27]}
{[%emt 00:00:20]} 33. c5 {[%clk 00:39:19]} {[%emt 00:04:02]} Nc3 {[%clk
00:42:26]} {[%emt 00:00:27]} 34. c6 {[%emt 00:01:38]} d1=Q+ {[%clk 00:42:13]}
{[%emt 00:00:02]} 35. Kg2 {[%clk 00:38:18]} {[%emt 00:00:57]} Qd5+ {[%clk
00:42:03]} {[%emt 00:00:26]} 36. Kg1 {[%clk 00:38:27]} {[%emt 00:00:06]} Qxc6
{[%clk 00:42:01]} {[%emt 00:00:19]} 37. Rb4 {[%clk 00:37:35]} {[%emt 00:01:06]}
Rd1+ {[%clk 00:41:59]} {[%emt 00:00:17]} 38. Kh2 {[%emt 00:00:17]} Qh1+ {[%emt
00:00:24]} 39. Kg3 {[%clk 00:37:02]} {[%emt 00:00:04]} Ne2+ {[%clk 00:41:49]}
{[%emt 00:00:28]} 40. Kh4 {[%clk 00:37:07]} {[%emt 00:00:10]} g5+ {[%clk
00:41:55]} {[%emt 00:00:56]} 41. Kh5 {[%clk 00:37:08]} {[%emt 00:00:04]} Qxh3#
{[%emt 00:00:26]} 0-1

[Event "DEM U8w 2025"]
[Site "Willingen GER"]
[Date "2025.06.13"]
[Round "5"]
[White "Eßers, Elisabeth Greta"]
[Black "Murrau, Adela"]
[Result "0-1"]
[Termination "normal"]
[Board "5"]
[WhiteElo "849"]
[BlackElo "991"]
[WhiteClock "00:54:03"]
[BlackClock "00:54:08"]
[PlyCount "44"]
[WhiteFideId "533024979"]
[EventCountry "GER"]
[EventRounds "7"]
[EventType "swiss"]
[EventDate "2025.06.10"]

1. d4 {[%clk 01:00:28]} Nf6 {[%clk 01:00:23]} {[%emt 00:00:09]} 2. Nf3 {[%clk
01:00:34]} {[%emt 00:00:08]} d5 {[%clk 01:00:23]} {[%emt 00:00:15]} 3. c3
{[%clk 01:00:40]} {[%emt 00:00:10]} e6 {[%clk 01:00:18]} {[%emt 00:00:19]} 4.
Bf4 {[%clk 01:00:41]} {[%emt 00:00:14]} Bd6 {[%clk 01:00:14]} {[%emt 00:00:19]}
5. Ne5 {[%clk 01:00:26]} {[%emt 00:00:30]} O-O {[%clk 00:59:43]} {[%emt
00:00:46]} 6. e3 {[%clk 00:59:47]} {[%emt 00:00:55]} Nc6 {[%clk 00:58:02]}
{[%emt 00:01:55]} 7. Nxc6 {[%clk 00:59:39]} {[%emt 00:00:23]} bxc6 {[%clk
00:58:06]} {[%emt 00:00:11]} 8. Bxd6 {[%clk 00:59:27]} {[%emt 00:00:27]} Qxd6
{[%clk 00:58:00]} {[%emt 00:00:22]} 9. Bd3 {[%clk 00:59:08]} {[%emt 00:00:33]}
e5 {[%clk 00:57:24]} {[%emt 00:00:51]} 10. O-O {[%clk 00:58:26]} {[%emt
00:00:58]} exd4 {[%clk 00:57:31]} {[%emt 00:00:07]} 11. cxd4 {[%clk 00:58:24]}
{[%emt 00:00:17]} Ng4 {[%clk 00:57:27]} {[%emt 00:00:19]} 12. g3 {[%clk
00:58:11]} {[%emt 00:00:28]} Qh6 {[%clk 00:57:09]} {[%emt 00:00:33]} 13. h4
{[%clk 00:57:41]} {[%emt 00:00:44]} Rb8 {[%clk 00:56:42]} {[%emt 00:00:43]} 14.
Qc2 {[%clk 00:57:09]} {[%emt 00:00:47]} Nf6 {[%emt 00:01:00]} 15. Nd2 {[%clk
00:56:02]} {[%emt 00:01:21]} Bd7 {[%clk 00:55:06]} {[%emt 00:01:08]} 16. Qc5
{[%clk 00:55:05]} {[%emt 00:01:11]} Rxb2 {[%clk 00:54:43]} {[%emt 00:00:40]}
17. Rfd1 {[%clk 00:54:57]} {[%emt 00:00:23]} Bg4 {[%clk 00:53:57]} {[%emt
00:01:00]} 18. f3 {[%clk 00:54:30]} {[%emt 00:00:41]} Qxe3+ {[%clk 00:53:59]}
{[%emt 00:00:13]} 19. Kg2 {[%clk 00:54:15]} {[%emt 00:00:30]} Rxd2+ {[%clk
00:53:50]} {[%emt 00:00:24]} 20. Rxd2 {[%clk 00:54:12]} {[%emt 00:00:18]} Qxd2+
{[%clk 00:53:58]} {[%emt 00:00:07]} 21. Kh1 {[%clk 00:54:14]} {[%emt 00:00:13]}
Bxf3+ {[%clk 00:54:03]} {[%emt 00:00:11]} 22. Kg1 {[%clk 00:54:03]} {[%emt
00:00:16]} Qg2# {[%clk 00:54:08]} {[%emt 00:00:19]} 0-1

[Event "DEM U8w 2025"]
[Site "Willingen GER"]
[Date "2025.06.13"]
[Round "5"]
[White "Kühn, Ariane"]
[Black "Vescovi, Liv Linnea"]
[Result "1-0"]
[Termination "normal"]
[Board "6"]
[WhiteElo "931"]
[BlackElo "847"]
[WhiteClock "01:00:00"]
[BlackClock "00:59:04"]
[PlyCount "25"]
[BlackFideId "533021678"]
[EventCountry "GER"]
[EventRounds "7"]
[EventType "swiss"]
[EventDate "2025.06.10"]

1. e4 {[%clk 01:00:28]} c5 {[%clk 01:00:25]} {[%emt 00:00:06]} 2. Nf3 {[%clk
01:00:25]} {[%emt 00:00:18]} g6 {[%clk 01:00:30]} {[%emt 00:00:09]} 3. Nc3
{[%clk 01:00:29]} {[%emt 00:00:12]} Bg7 {[%clk 01:00:31]} {[%emt 00:00:14]} 4.
Bc4 {[%clk 01:00:26]} {[%emt 00:00:13]} e6 {[%clk 01:00:31]} {[%emt 00:00:20]}
5. O-O {[%clk 01:00:30]} {[%emt 00:00:09]} Ne7 {[%clk 01:00:38]} {[%emt
00:00:09]} 6. d3 {[%clk 01:00:26]} {[%emt 00:00:16]} O-O {[%clk 01:00:36]}
{[%emt 00:00:20]} 7. Be3 {[%clk 01:00:23]} {[%emt 00:00:16]} b6 {[%clk
01:00:35]} {[%emt 00:00:18]} 8. Qd2 {[%clk 01:00:17]} {[%emt 00:00:21]} Nbc6
{[%clk 01:00:23]} {[%emt 00:00:28]} 9. Bh6 {[%clk 01:00:06]} {[%emt 00:00:19]}
Bxh6 {[%clk 01:00:16]} {[%emt 00:00:27]} 10. Qxh6 {[%clk 01:00:03]} {[%emt
00:00:19]} Bb7 {[%clk 00:59:42]} {[%emt 00:00:51]} 11. Ng5 {[%clk 00:59:55]}
{[%emt 00:00:18]} Re8 {[%clk 00:58:58]} {[%emt 00:01:04]} 12. Qxh7+ {[%clk
01:00:00]} {[%emt 00:00:09]} Kf8 {[%clk 00:59:04]} {[%emt 00:00:10]} 13. Qxf7#
{[%emt 00:00:08]} 1-0

[Event "DEM U8w 2025"]
[Site "Willingen GER"]
[Date "2025.06.13"]
[Round "5"]
[White "Lesnik, Mara"]
[Black "Markov, Agnia-Sari"]
[Result "0-1"]
[Termination "normal"]
[Board "7"]
[WhiteElo "734"]
[BlackElo "920"]
[WhiteClock "00:42:21"]
[BlackClock "00:41:48"]
[PlyCount "52"]
[WhiteFideId "533032742"]
[EventCountry "GER"]
[EventRounds "7"]
[EventType "swiss"]
[EventDate "2025.06.10"]

1. d4 {[%clk 01:00:25]} {[%emt 00:00:03]} d5 {[%clk 01:00:28]} {[%emt
00:00:04]} 2. Nf3 {[%clk 01:00:11]} {[%emt 00:00:28]} Nf6 {[%clk 01:00:34]}
{[%emt 00:00:10]} 3. Bf4 {[%clk 01:00:03]} {[%emt 00:00:21]} e6 {[%clk
01:00:12]} {[%emt 00:00:37]} 4. h3 {[%clk 00:59:54]} {[%emt 00:00:18]} Bd6
{[%clk 01:00:12]} {[%emt 00:00:20]} 5. Ne5 {[%clk 00:59:49]} {[%emt 00:00:21]}
c5 {[%clk 00:58:30]} {[%emt 00:01:54]} 6. dxc5 {[%clk 00:59:09]} {[%emt
00:00:59]} Bxc5 {[%clk 00:58:18]} {[%emt 00:00:27]} 7. e3 {[%clk 00:58:49]}
{[%emt 00:00:33]} O-O {[%clk 00:56:40]} {[%emt 00:01:54]} 8. Bd3 {[%clk
00:58:45]} {[%emt 00:00:18]} Nc6 {[%clk 00:55:07]} {[%emt 00:01:47]} 9. Nxc6
{[%emt 00:00:26]} bxc6 {[%emt 00:00:20]} 10. Qf3 {[%clk 00:57:53]} {[%emt
00:00:15]} Bd6 {[%clk 00:53:48]} {[%emt 00:01:38]} 11. Qg3 {[%clk 00:56:30]}
{[%emt 00:01:43]} Bxf4 {[%clk 00:52:48]} {[%emt 00:01:12]} 12. exf4 {[%emt
00:00:33]} Rb8 {[%emt 00:01:31]} 13. h4 {[%clk 00:54:11]} {[%emt 00:00:31]} Kh8
{[%clk 00:51:35]} {[%emt 00:01:30]} 14. h5 {[%clk 00:53:01]} {[%emt 00:01:10]}
Rg8 {[%clk 00:51:23]} {[%emt 00:00:42]} 15. h6 {[%emt 00:00:34]} gxh6 {[%emt
00:00:25]} 16. Qh4 {[%clk 00:51:08]} {[%emt 00:00:53]} Rxg2 {[%clk 00:49:22]}
{[%emt 00:02:29]} 17. Qxh6 {[%clk 00:48:16]} {[%emt 00:00:23]} Rxb2 {[%clk
00:47:35]} {[%emt 00:04:49]} 18. Rh5 {[%clk 00:48:04]} {[%emt 00:00:17]} Rg1+
{[%clk 00:44:59]} {[%emt 00:02:59]} 19. Bf1 {[%emt 00:00:12]} Nxh5 {[%emt
00:00:29]} 20. Kd2 {[%clk 00:45:52]} {[%emt 00:00:50]} Qa5+ {[%clk 00:44:30]}
{[%emt 00:01:35]} 21. Nc3 {[%clk 00:45:21]} {[%emt 00:01:14]} d4 {[%clk
00:43:50]} {[%emt 00:01:39]} 22. Bd3 {[%clk 00:45:04]} {[%emt 00:00:28]} Qxc3+
{[%clk 00:42:19]} {[%emt 00:01:52]} 23. Ke2 {[%clk 00:42:21]} {[%emt 00:00:11]}
f5 {[%clk 00:41:48]} {[%emt 00:03:35]} 24. Qf8+ {[%emt 00:00:24]} Rg8 {[%emt
00:00:18]} 25. Rg1 {[%emt 00:00:25]} Nxf4+ {[%emt 00:01:13]} 26. Kd1 {[%emt
00:00:21]} Rb1# {[%emt 00:00:29]} 0-1

[Event "DEM U8w 2025"]
[Site "Willingen GER"]
[Date "2025.06.13"]
[Round "5"]
[White "Taris, Camille"]
[Black "Renzmann, Lea"]
[Result "0-1"]
[Termination "normal"]
[Board "8"]
[WhiteElo "882"]
[BlackElo "827"]
[WhiteClock "00:57:54"]
[BlackClock "00:50:54"]
[PlyCount "38"]
[EventCountry "GER"]
[EventRounds "7"]
[EventType "swiss"]
[EventDate "2025.06.10"]

1. d4 {[%clk 01:00:29]} {[%emt 00:00:01]} d5 {[%clk 01:00:26]} {[%emt
00:00:04]} 2. Nf3 {[%clk 01:00:33]} {[%emt 00:00:10]} Nc6 {[%clk 01:00:34]}
{[%emt 00:00:07]} 3. Bf4 {[%clk 01:00:30]} {[%emt 00:00:19]} Bf5 {[%clk
01:00:40]} {[%emt 00:00:08]} 4. e3 {[%clk 01:00:05]} {[%emt 00:00:41]} e6
{[%clk 01:00:50]} {[%emt 00:00:05]} 5. Bd3 {[%clk 01:00:10]} {[%emt 00:00:10]}
Bd6 {[%clk 01:00:41]} {[%emt 00:00:23]} 6. O-O {[%clk 01:00:05]} {[%emt
00:00:20]} Nf6 {[%clk 01:00:39]} {[%emt 00:00:17]} 7. c4 {[%clk 01:00:08]}
{[%emt 00:00:13]} dxc4 {[%clk 01:00:20]} {[%emt 00:00:33]} 8. Bxc4 {[%clk
01:00:11]} {[%emt 00:00:11]} O-O {[%clk 01:00:04]} {[%emt 00:00:33]} 9. Nc3
{[%emt 00:00:27]} Bxf4 {[%clk 00:59:49]} {[%emt 00:00:24]} 10. exf4 {[%clk
01:00:08]} {[%emt 00:00:10]} Re8 {[%clk 00:57:29]} {[%emt 00:02:37]} 11. Re1
{[%clk 00:59:23]} {[%emt 00:01:00]} Nb4 {[%clk 00:56:17]} {[%emt 00:01:26]} 12.
Re2 {[%clk 00:58:51]} {[%emt 00:00:46]} Nd3 {[%clk 00:54:43]} {[%emt 00:01:51]}
13. Bxd3 {[%clk 00:58:51]} {[%emt 00:00:12]} Bxd3 {[%clk 00:54:41]} {[%emt
00:00:19]} 14. Qxd3 {[%clk 00:58:57]} {[%emt 00:00:09]} Qd6 {[%clk 00:52:04]}
{[%emt 00:02:53]} 15. f5 {[%clk 00:58:26]} {[%emt 00:00:46]} exf5 {[%clk
00:52:04]} {[%emt 00:00:14]} 16. Qxf5 {[%clk 00:58:14]} {[%emt 00:00:27]} Rxe2
{[%clk 00:51:57]} {[%emt 00:00:22]} 17. Nxe2 {[%clk 00:58:13]} {[%emt
00:00:16]} Re8 {[%clk 00:51:52]} {[%emt 00:00:21]} 18. Nc3 {[%clk 00:58:11]}
{[%emt 00:00:18]} Qb4 {[%clk 00:51:23]} {[%emt 00:00:42]} 19. Nd1 {[%clk
00:57:54]} {[%emt 00:00:32]} Re1+ {[%clk 00:50:54]} 0-1

[Event "DEM U8w 2025"]
[Site "Willingen GER"]
[Date "2025.06.13"]
[Round "5"]
[White "Wranik, Tabea"]
[Black "Romberg, Lene"]
[Result "1-0"]
[Termination "normal"]
[Board "9"]
[WhiteElo "767"]
[BlackElo "876"]
[WhiteClock "00:52:25"]
[BlackClock "00:40:37"]
[PlyCount "63"]
[EventCountry "GER"]
[EventRounds "7"]
[EventType "swiss"]
[EventDate "2025.06.10"]

1. e4 {[%clk 01:00:27]} {[%emt 00:00:03]} e5 {[%clk 01:00:20]} {[%emt
00:00:09]} 2. Nf3 {[%clk 01:00:35]} {[%emt 00:00:07]} Nc6 {[%clk 01:00:27]}
{[%emt 00:00:08]} 3. Bc4 {[%clk 01:00:39]} {[%emt 00:00:11]} Bc5 {[%clk
01:00:23]} {[%emt 00:00:20]} 4. Nc3 {[%clk 01:00:36]} {[%emt 00:00:17]} d6
{[%clk 01:00:04]} {[%emt 00:00:34]} 5. d3 {[%clk 01:00:43]} {[%emt 00:00:09]}
Bg4 {[%clk 00:59:51]} {[%emt 00:00:28]} 6. Bg5 {[%clk 01:00:32]} {[%emt
00:00:26]} Nf6 {[%clk 00:59:19]} {[%emt 00:00:46]} 7. h3 {[%clk 01:00:11]}
{[%emt 00:00:36]} Bh5 {[%clk 00:58:03]} {[%emt 00:01:31]} 8. O-O {[%clk
00:59:59]} {[%emt 00:00:27]} O-O {[%clk 00:57:46]} {[%emt 00:00:33]} 9. Nd5
{[%clk 00:59:37]} {[%emt 00:00:36]} Rc8 {[%clk 00:54:08]} {[%emt 00:03:51]} 10.
Nxf6+ {[%clk 00:59:27]} {[%emt 00:00:27]} gxf6 {[%clk 00:53:42]} {[%emt
00:00:40]} 11. Bh6 {[%clk 00:59:31]} {[%emt 00:00:12]} Re8 {[%clk 00:53:24]}
{[%emt 00:00:33]} 12. Kh1 {[%clk 00:58:57]} {[%emt 00:00:49]} Nd4 {[%clk
00:52:33]} {[%emt 00:01:06]} 13. Rg1 {[%clk 00:58:40]} {[%emt 00:00:31]} Nxf3
{[%clk 00:52:13]} {[%emt 00:00:37]} 14. gxf3+ {[%clk 00:58:40]} {[%emt
00:00:15]} Kh8 {[%clk 00:51:25]} {[%emt 00:01:01]} 15. Bg7+ {[%clk 00:58:33]}
{[%emt 00:00:23]} Kg8 {[%clk 00:50:28]} {[%emt 00:01:12]} 16. Bxf6+ {[%clk
00:58:33]} {[%emt 00:00:16]} Kf8 {[%clk 00:50:13]} {[%emt 00:00:29]} 17. Bxd8
{[%clk 00:58:24]} {[%emt 00:00:24]} Rcxd8 {[%clk 00:50:04]} {[%emt 00:00:24]}
18. Qd2 {[%clk 00:57:13]} {[%emt 00:01:27]} Bxf3+ {[%clk 00:49:48]} {[%emt
00:00:31]} 19. Kh2 {[%clk 00:57:10]} {[%emt 00:00:17]} d5 {[%clk 00:49:26]}
{[%emt 00:00:38]} 20. Bxd5 {[%clk 00:57:06]} {[%emt 00:00:18]} c6 {[%clk
00:48:01]} {[%emt 00:01:40]} 21. Qh6+ {[%clk 00:56:54]} {[%emt 00:00:27]} Ke7
{[%clk 00:47:43]} {[%emt 00:00:33]} 22. Bb3 {[%clk 00:56:20]} {[%emt 00:00:49]}
Rg8 {[%clk 00:45:37]} {[%emt 00:02:19]} 23. Qxh7 {[%clk 00:55:19]} {[%emt
00:01:17]} Rxg1 {[%clk 00:45:19]} {[%emt 00:00:35]} 24. Qxf7+ {[%clk 00:55:01]}
{[%emt 00:00:32]} Kd6 {[%clk 00:44:55]} {[%emt 00:00:38]} 25. Rxg1 {[%clk
00:54:48]} {[%emt 00:00:28]} Bxf2 {[%clk 00:43:05]} {[%emt 00:02:06]} 26. Rg6+
{[%clk 00:54:02]} {[%emt 00:01:01]} Kc5 {[%clk 00:42:34]} {[%emt 00:00:46]} 27.
Qe7+ {[%clk 00:53:42]} {[%emt 00:00:36]} Kb5 {[%clk 00:41:48]} {[%emt
00:00:59]} 28. a4+ {[%clk 00:53:33]} {[%emt 00:00:26]} Ka6 {[%clk 00:41:38]}
{[%emt 00:00:24]} 29. Qxd8 {[%clk 00:53:08]} {[%emt 00:00:40]} Bh5 {[%clk
00:41:22]} {[%emt 00:00:31]} 30. Bc4+ {[%clk 00:52:30]} {[%emt 00:00:52]} b5
{[%clk 00:40:57]} {[%emt 00:00:42]} 31. Rxc6+ {[%clk 00:52:23]} {[%emt
00:00:22]} Kb7 {[%clk 00:40:37]} {[%emt 00:00:33]} 32. Qc8# {[%clk 00:52:25]}
{[%emt 00:00:14]} 1-0